| 000 | 00445nam a2200181Ia 4500 | ||
|---|---|---|---|
| 001 | 3951 | ||
| 005 | 20260306145720.0 | ||
| 008 | 260306t2022||||xx |||||||||||||| ||spa|| | ||
| 041 | _aESP | ||
| 082 |
_a305.80985 _bM18 |
||
| 100 |
_aMajluf, Natalia _eAUT |
||
| 245 | 0 |
_aLa invención del indio : _bFrancisco Laso y la imagen del Perú moderno |
|
| 260 | _c2022 | ||
| 300 |
_a _c |
||
| 650 | _aGEN | ||
| 654 | _aCHU | ||
| 942 |
_cLIB _dJUS _fJUS _2ddc _n |
||
| 999 |
_c3951 _d3951 |
||